000 00472nam a2200193Ia 4500
005 20240823055246.0
008 240823s9999||||xx |||||||||||||| ||und||
020 _a978-1-59059-952
041 _aENGLISH
082 _A006.7 P9
100 _aRobert Lair
245 0 _aBeginning Silverlight 2 : From Novice to Professional
250 _a1st
260 _c2009
_bApres
500 _aYES
650 _aSilverlight2
_bComputer Science
942 _cBK
999 _c228366
_d228366